| 000 | 00836cam a2200301 a 4500 | ||
|---|---|---|---|
| 001 | 39184 | ||
| 005 | 20230410101712.0 | ||
| 008 | 870814s1985 ht 000 0 fre | ||
| 010 | _a 85189083 | ||
| 035 | _a(OCoLC)ocm16168186 | ||
| 040 |
_aDLC _cDLC _dNYP _dMUQ |
||
| 019 | _a12548603 | ||
| 035 |
_a(OCoLC)16168186 _z(OCoLC)12548603 |
||
| 043 | _anwht--- | ||
| 050 | 1 | 4 |
_a110 P 381 _bP789p 1985 |
| 082 | 0 | 0 | _a409/.7294 |
| 100 | 1 | _aPompilus, Pradel. | |
| 245 | 1 | 3 |
_aLe probléme linguistique haitien / _cPradel Pompilus. |
| 260 |
_aPort-au-Prince, Haiti : _bEditions Fardin, _c1985. |
||
| 300 |
_a178 p. ; _c20 cm. |
||
| 651 | 0 |
_aHaiti _xLanguages. |
|
| 650 | 0 |
_aBilingualism _zHaiti. |
|
| 651 | 6 |
_aHaiti _xLangues. |
|
| 650 | 4 | _aCEH | |
| 650 | 4 | _aColeccion Estudios Haitianos | |
| 942 |
_2lcc _cbk |
||
| 994 |
_aC0 _bDRFGD |
||
| 999 |
_c12368 _d12368 |
||